Costumbres de un pasado próximo que ya son historia (Record no. 189023)

MARC details
000 -LEADER
campo de control de longitud fija 00882nam a2200193 i 4500
001 - NÚMERO DE CONTROL
campo de control 189023
003 - IDENTIFICADOR DE NÚMERO DE CONTROL
campo de control ES-MaACL
005 - FECHA Y HORA DE LA ÚLTIMA TRANSACCIÓN
campo de control 20250630001413.0
008 - DATOS DE LONGITUD FIJA--INFORMACIÓN GENERAL
campo de control de longitud fija 190321s1986 sp g |||| | spa d
100 1# - ENTRADA PRINCIPAL--NOMBRE DE PERSONA
Nombre de persona García Galán, Alejandro.
9 (RLIN) 54633
245 10 - MENCIÓN DEL TÍTULO
Título Costumbres de un pasado próximo que ya son historia
Resto del título : las fiestas de San Antón y San Sebastián en Peñalsordo-Capilla /
Mención de responsabilidad, etc. Alejandro García Galán.
260 ## - PUBLICACIÓN, DISTRIBUCIÓN, ETC.
Lugar de publicación, distribución, etc. Badajoz :
Nombre del editor, distribuidor, etc. Diputación Provincial, Departamento de Publicaciones,
Fecha de publicación, distribución, etc. 1986.
300 ## - DESCRIPCIÓN FÍSICA
Extensión P. [605]-616 :
Otras características físicas música ;
Dimensiones 25 cm.
595 ## -
-- Separata de: Revista de estudios extremeños, t. XLII, n. 3, septiembre-diciembre 1986.
650 #4 - PUNTO DE ACCESO ADICIONAL DE MATERIA--TÉRMINO DE MATERIA
Término de materia o nombre geográfico como elemento de entrada Fiestas-
Subdivisión geográfica Badajoz (Provincia)
9 (RLIN) 166636
710 1# - ENTRADA AGREGADA--NOMBRE DE ENTIDAD CORPORATIVA
Nombre de entidad corporativa o nombre de jurisdicción como elemento de entrada Badajoz (Provincia).
Unidad subordinada Diputación Provincial
9 (RLIN) 2081
852 ## - LOCALIZACIÓN
Ubicación ES-MaACL
Número de control de estantería 1722-F-17
Nota libre . - Dedicatoria autógrafa del autor
Holdings
Estatus retirado Estado de pérdida Estado de daño No para préstamo Colección Biblioteca de origen Biblioteca actual Ubicación en estantería Fecha de adquisición Fuente de adquisición Total de préstamos Signatura topográfica completa Código de barras Visto por última vez Precio de reemplazo Tipo de ítem Koha
        Colección de folletos Biblioteca del Ateneo de Madrid Biblioteca del Ateneo de Madrid Depósito folletos 21/03/2019     1722-F-17 1200191 23/02/2023 23/02/2023 Folleto